000 00343nam a22001457a 4500
008 210226b ||||| |||| 00| 0 eng d
020 _a9780130497840
041 _aeng
080 _a070
082 _a070
100 _a39
101 _aMED
245 _aGuide to Cross-Cultural Communication
_cReynolds, S & Valentine, D
942 _2udc
_cBK
999 _c55297
_d55297